Everton Premier League XIs - Statistics

General Stats
  • This quiz has been taken 1,889 times
    711 since last reset
  • The average score is 44 of 126
Answer Stats
Answer % Correct
Jordan Pickford
94%
Séamus Coleman
88%
Dominic Calvert-Lewin
87%
Leighton Baines
82%
Tim Howard
81%
Michael Keane
79%
Romelu Lukaku
79%
James Tarkowski
76%
Idrissa Gueye
74%
James Rodríguez
72%
Wayne Rooney
71%
Phil Jagielka
67%
Tim Cahill
66%
Jarrad Branthwaite
65%
Richarlison
65%
Abdoulaye Doucouré
61%
Vitaliy Mykolenko
61%
Ashley Young
60%
Duncan Ferguson
59%
Gareth Barry
59%
Marouane Fellaini
59%
Dwight McNeil
58%
Kevin Mirallas
57%
James Garner
56%
Lucas Digne
55%
Iliman Ndiaye
53%
Steven Pienaar
52%
Jack Harrison
51%
Ross Barkley
51%
Sylvain Distin
51%
Gylfi Sigurðsson
49%
John Stones
49%
Mikel Arteta
49%
Phil Neville
49%
Amadou Onana
48%
Andrew Johnson
47%
Leon Osman
47%
Allan
46%
Tom Davies
45%
Anthony Gordon
43%
Ashley Williams
43%
Tony Hibbert
43%
Mason Holgate
41%
Theo Walcott
41%
Yerry Mina
40%
Louis Saha
39%
Neville Southall
39%
Yakubu Ayegbeni
39%
Jake O'Brien
38%
Demarai Gray
37%
James McCarthy
37%
Steven Naismith
37%
André Gomes
36%
Alex Iwobi
35%
Aaron Lennon
34%
Tie Li
34%
Ben Godfrey
33%
Joleon Lescott
33%
Morgan Schneiderlin
33%
Nikica Jelavić
33%
Conor Coady
32%
Kevin Campbell
32%
David Unsworth
31%
Johnny Heitinga
31%
Bernard
29%
Richard Wright
29%
Joseph Yobo
28%
Marcus Bent
28%
Darron Gibson
27%
Joel Robles
27%
Nigel Martyn
27%
Thomas Gravesen
27%
Dave Watson
26%
Kurt Zouma
26%
Lee Carsley
26%
Steve Watson
26%
Ramiro Funes Mori
25%
David Weir
24%
Andrei Kanchelskis
23%
Gary Speed
22%
Tony Cottee
22%
Nick Barmby
21%
Paul Gerrard
21%
Paul Rideout
21%
Alan Stubbs
20%
James Beattie
20%
Kevin Kilbane
20%
Peter Beardsley
20%
Richard Dunne
20%
Tom Cleverley
20%
Gary Naysmith
19%
Tomasz Radzinski
19%
Alessandro Pistone
18%
James McFadden
18%
Matt Jackson
18%
Michael Ball
18%
Graham Stuart
17%
Andy Hinchcliffe
16%
Cuco Martina
16%
Gary Ablett
16%
Abel Xavier
15%
John Collins
15%
Thomas Myhre
15%
Barry Horne
14%
Marco Materazzi
14%
Joe Parkinson
13%
Mark Pembridge
13%
Richard Gough
13%
Steve Simonsen
13%
Danny Cadamarteri
12%
Mark Ward
12%
Craig Short
11%
Olivier Dacourt
11%
Don Hutchison
10%
John Ebbrell
10%
Peter Beagrie
10%
Scot Gemmill
10%
Niclas Alexandersson
9%
Ian Snodin
8%
Ibrahima Bakayoko
8%
John Oster
8%
Slaven Bilić
8%
Alex Nyarko
7%
Earl Barrett
7%
Carl Tiler
6%
Tobias Linderoth
6%
No matching quizzes found
Score Distribution
Percent of People with Each Score
Percentile by Number Answered
Your Score History
You have not taken this quiz since the last reset